Normal view MARC view

Entry Personal Name

Number of records used in: 1

001 - CONTROL NUMBER

  • control field: 993

003 - CONTROL NUMBER IDENTIFIER

  • control field: DLC

005 - DATE AND TIME OF LATEST TRANSACTION

  • control field: 20191231150103.0

008 - FIXED-LENGTH DATA ELEMENTS

  • fixed length control field: 990127n| acannaab| |n aaa c

010 ## - LIBRARY OF CONGRESS CONTROL NUMBER

  • LC control number: no 99005726

035 ## - SYSTEM CONTROL NUMBER

  • System control number: (OCoLC)oca04905407

040 ## - CATALOGING SOURCE

  • Original cataloging agency: WU
  • Transcribing agency: WU

100 10 - HEADING--PERSONAL NAME

  • Personal name: Bajpai, Nirupam

670 ## - SOURCE DATA FOUND

  • Source citation: India's economic reforms, 1996:
  • Information found: t.p. (Nirupam Bajpai) p. facing t.p. verso (Research Associate, Harvard Institute for International Development ; Ph. D. in economics, Lucknow University, 1988)

Powered by Koha